Slang de MTL - Statistiques

Statistiques générales
  • Ce quiz a été pris 59 fois
  • Le résultat moyen est 7 sur 15
Statistiques - réponses
Question Réponse % Correct
Un synonyme de : ami Patnais
96%
Je descend à la station HB : de quelle station je parle? Henri-Bourassa
80%
Comment dire ‘’Maison’’ lorsque tu as grandis à Mtl? Lakay
76%
Que veux dire : ranceur? Une personne qui ne respecte pas sa parole, dit venir mais ne vient pas
76%
Je vois mon ami avec une nouvelle coupe de cheveux, que dois-je dire? Kiet, bel gacon missieu
56%
Je viens du 67 : de quel quartier je viens? Saint-Michel
52%
Question difficile! Quel est le diminutif du quartier : Little Burgundy Burgz
44%
Quel est le diminutif du quartier : Côte-Vertu CV
44%
Que veut dire : Bossal Fucktop, chien
44%
Quel est le diminutif du quartier : Jean-Talon JT
40%
Je veux regarder un match de l’Algérie dans une ambiance de folie, ou dois-je aller? Rue Jean-Talon : entre Saint-Michel et Pie-XI
40%
Quelle est la plus grosse école du quartier Saint-Léonard St-Ex
36%
Dans quelle quartier se situe la meilleure poutine de MTL : Paulo et Suzanne Cote-vertu
24%
Quel est l’équivalent du mot ‘’femme’’ en montréalais. Sélectionnez la meilleure réponse Styfe
16%
Je veux dire à mon ami de venir, je lui dit donc : ‘’____’’ bro Parret
8%
Aucun quiz correspondant
Distribution des résultats
% des personnes avec chaque résultat
Percentile par nombre de réponses
Votre historique - résultats
Vous n’avez pas pris ce quiz